Statistics for Central American Countries by Demonyms - Map Quiz

Click here to take the quiz!

General Stats

  • This quiz has been taken 196 times
  • The average score is 12 of 14

Answers on the Map

Answers color-coded by a green-red scale on the quiz's map according to % correct below.
Loading ...
 

Answer Stats

Answer% Correct
Panamanian
95%
Cuban
92%
Dominican
91%
Haitian
87%
Bahamian
84%
Belizean
84%
Costa Rican
84%
Nicaraguan
84%
Trinidadian (Tobagonian)
84%
Jamaican
83%
Guatemalan
82%
Honduran
82%
Salvadoran
82%
Puerto Rican
81%

Score Distribution

Percentile by Number Answered

Percent of People with Each Score

Your Score History

You have not taken this quiz